| 000 | 006200000a22002170004500 | ||
|---|---|---|---|
| 003 | LK-CoMWRAF | ||
| 005 | 20231113155833.0 | ||
| 008 | 230817t1981 ||||| |||| 00| 0 eng d | ||
| 020 | _a0340236108 | ||
| 040 |
_aLK-CoMWRAF _dLK-CoMWRAF _eLK-CoMWRAF |
||
| 041 | _aeng | ||
| 082 |
_a370.917 _bEDU |
||
| 245 | _aEducation and society in the Muslim World | ||
| 260 |
_bJeddah: _aHodder and Stoughton, _c1981 |
||
| 300 | _a x, 133 p. ; 24 cm. | ||
| 490 | _aIslamic Education Series | ||
| 650 | _aISKLAMIC EDUCATION | ||
| 650 | _aEducation--Islamic countries. | ||
| 700 |
_a Khan, Mohammad Wasiullah _eed. |
||
| 942 | _cBK | ||
| 999 |
_c1176 _d1176 |
||